Library Banner

فتوح البلدان (Record no. 73626)

MARC details
000 -LEADER
fixed length control field 00605nam a22001577a 4500
005 - DATE AND TIME OF LATEST TRANSACTION
control field 20150805125514.0
008 - FIXED-LENGTH DATA ELEMENTS--GENERAL INFORMATION
fixed length control field 150805b xxu||||| |||| 00| 0 eng d
040 ## - CATALOGING SOURCE
Transcribing agency PK-LaUMT
082 ## - DEWEY DECIMAL CLASSIFICATION NUMBER
Classification number KHC 297.72
Item number AHM-F
100 ## - MAIN ENTRY--PERSONAL NAME
Personal name احمد بن یحی بن جابر الشہیر بالبلاذری
245 ## - TITLE STATEMENT
Title فتوح البلدان
Remainder of title مسلمانوں کی عظیم فتوحات کی داستاں
Statement of responsibility, etc احمد بن یحی بن جابر الشہیر بالبلاذری
260 ## - PUBLICATION, DISTRIBUTION, ETC. (IMPRINT)
Place of publication, distribution, etc لاہور
Name of publisher, distributor, etc تخلیقات
Date of publication, distribution, etc 2010
300 ## - PHYSICAL DESCRIPTION
Extent 632 ص
700 ## - ADDED ENTRY--PERSONAL NAME
Personal name سید ابوالخیر مودودی(ترجمہ
942 ## - ADDED ENTRY ELEMENTS (KOHA)
Koha item type Books
Holdings
Withdrawn status Lost status Damaged status Home library Current library Date acquired Full call number Barcode Date last seen Price effective from Koha item type
      UMT Main Campus UMT Main Campus 2015-08-05 KHC 297.72 AHM-F 69661 2015-08-05 2015-08-05 Books